Owoc kwaśny nawet wtedy, kiedy jest dojrzały. - Statystyki

Ogólne statystyki
  • Ten quiz został rozwiązany 23 razy
  • Średni wynik to 2 z 6
Statystyki odpowiedzi
Hint Odpowiedź % Poprawnych
1. cytryna
95%
2. pomarańcza
52%
6. kiwi
38%
4. wiśnia
29%
5. czarna porzeczka
10%
3. grapefruit
10%
Nie znaleziono quizów pasujących do podanych kryteriów
Rozkład punktacji
Procent ludzi z każdym wynikiem
Percentyl według liczby udzielonych odpowiedzi
Twoja historia wyników
Nie rozwiązałeś tego quizu